00969 2200337 4500001002100000005001500021007000300036008004100039020002200080035002000102040001600122041000800138082001200146084001800158090002100176100003000197245002400227250001200251264004500263300003600308336002100344337003000365338002300395504002800418650002400446700003700470700007000507850001000577990002200587990002200609INLIS00000000000513420260515103547ta260515 0  a978-979-592-783-9 a0010-0222000224 aSPUPADbInd aInd a297.061 a297.061 JAM s a206.4 RAB B 2 120 aJamal MuhammadePengarang1 aSehat dengan ibadah a.-cet.1 a.--Jakarta; :bPustaka Al-Kautsar,c2018 axx, 391 hal . :bilus. ;c21 cm 2rdacontentaTeks 2rdamediaaTanpa Perantara 2rdacarrieraVolume ablibiografi,hlm 381-391 4aislam dan kesehatan0 aEditor, Achmad ZirzisePengarang0 apenerjemah, Masturi irham, Lc.dan M. Abidun Zuhri, Lc.ePengarang aPUPAD a28.651/B/DPK/2018 a28.652/B/DPK/2018